Statistics for Top 20 1-Team NFL Players ever

Click here to take the quiz!

General Stats

  • This quiz has been taken 27 times
    (12 since last reset)
  • The average score is 13 of 20

Answer Stats

Rank (Team)Answer% Correct
8. (CIN)Anthony Munoz
88%
3. (DET)Barry Sanders
88%
10. (DET)Calvin Johnson
88%
2. (CLE)Jim Brown
88%
6. (BAL)Ray Lewis
88%
4. (CHI)Walter Payton
88%
1. (NYG)Lawrence Taylor
75%
5. (PIT)Mean Joe Greene
75%
9. (CLE)Otto Graham
75%
13. (GBP)Aaron Rodgers
63%
7. (CHI)Dick Butkus
63%
11. (GBP)Don Hutson
63%
14. (DEN)John Elway
63%
17. (WAS)Sammy Baugh
63%
12. (LAR)Aaron Donald
50%
16. (DAL)Bob Lilly
50%
15. (PIT)Mel Blount
50%
18. (OAK)Jim Otto
38%
20. (PIT)Troy Polamalu
38%
19. (GBP)Forrest Gregg
25%

Score Distribution

Percentile by Number Answered

Percent of People with Each Score

Your Score History

You have not taken this quiz since the last reset